| 000 | 00576nam a2200205Ia 4500 | ||
|---|---|---|---|
| 005 | 20250508164511.0 | ||
| 008 | 008 250505s9999 xx 000 0 eng d | ||
| 037 | _aTextual | ||
| 040 |
_aFEDL _beng _cFEDL |
||
| 041 |
_aeng _2eng |
||
| 084 |
_a323.460959, AGA _qFEDL |
||
| 100 | _aAgarwal Bina | ||
| 245 | 0 | _aField of one's own : Gender and land rights in south Asia | |
| 260 | _c1994 | ||
| 300 | _axxi,572p. | ||
| 365 |
_aINR _b395 |
||
| 650 |
_aLand rights; Gender issues _9778302 |
||
| 942 |
_cTEXL _h323.460959, AGA |
||
| 999 |
_c1389438 _d1389438 |
||